Central Library OPAC University of Rajshahi

The house of fiction : (Record no. 17306)

MARC details
000 -LEADER
fixed length control field 00815nam a2200265 a 4500
001 - CONTROL NUMBER
control field 17306
003 - CONTROL NUMBER IDENTIFIER
rucl marc code BD-RjUL
005 - DATE AND TIME OF LATEST TRANSACTION
control field 20211209000123.0
008 - FIXED-LENGTH DATA ELEMENTS--GENERAL INFORMATION
fixed length control field 140216s1957 enk 001 0 eng c
020 ## - INTERNATIONAL STANDARD BOOK NUMBER
International Standard Book Number 0837170397
035 ## - SYSTEM CONTROL NUMBER
System control number (BD-RjUL)17364
040 ## - CATALOGING SOURCE
Original cataloging agency Boston University
Transcribing agency DLC
Modifying agency m.c
-- OCL
-- BD-RjUL
Language of cataloging eng
041 ## - LANGUAGE CODE
Language code of text/sound track or separate title eng
082 ## - DEWEY DECIMAL CLASSIFICATION NUMBER
Classification number 808.3
Author mark and year JAH
099 ## - LOCAL FREE-TEXT CALL NUMBER (OCLC)
Bangla Class number *ML A.8K - 7W& - B6
Bangla Class number *ML A.9UP.JAM2 - 4ZQW - F7
100 1# - MAIN ENTRY--PERSONAL NAME
Personal name James, Henry,
Dates associated with a name 1843-1916.
9 (RLIN) 53343
245 14 - TITLE STATEMENT
Title The house of fiction :
Remainder of title essays on the novel /
Statement of responsibility, etc. by Henry James ; edited with an introduction by Leon Edel
260 ## - PUBLICATION, DISTRIBUTION, ETC. (IMPRINT)
Place of publication, distribution, etc. London :
Name of publisher, distributor, etc. Hart-Davis,
Date of publication, distribution, etc. 1957.
300 ## - PHYSICAL DESCRIPTION
Pagination 286 p. ;
Size 21 cm
650 #0 - SUBJECT ADDED ENTRY--TOPICAL TERM
Topical term or geographic name as entry element Fiction
Chronological subdivision 19th century
General subdivision History and criticism
9 (RLIN) 53344
942 ## - ADDED ENTRY ELEMENTS (KOHA)
Source of classification or shelving scheme Dewey Decimal Classification
Koha item type Books
Holdings
Lost status Source of classification or shelving scheme Damaged status Not for loan Collection code Permanent Location Current Location Shelving location Date acquired Source of acquisition Cost, normal purchase price Total Checkouts Full call number Date last seen Copy number Koha item type
  Dewey Decimal Classification     Non-fiction Central Library, University of Rajshahi Central Library, University of Rajshahi   06/03/1973 Black Well 1.25   808.3 JAH 1957 16/02/2014 C-2 Books